000 005070000a22001930004500
999 _c47391
_d47391
001 133
003 CO-MdFUSB
005 20171031170848.0
008 171031b xxu||||| |||| 00| 0 eng d
020 _a958-704-050-3
040 _cCO-MdBIC
082 0 4 _a863N D137m
100 1 _aDahl, Roald (19l6-1990 )
245 1 0 _aLa maravillosa medicina de Jorge / Roald Dahl, traduccĂ­on : Maribel de Juan
260 _aBogotá : Alfaguara
300 _a118 P.
650 1 4 _aLiteratura Infantil
942 _cLGB